<?xml version="1.0" encoding="UTF-8"?>
<record
    xmlns:xsi="http://www.w3.org/2001/XMLSchema-instance"
    xsi:schemaLocation="http://www.loc.gov/MARC21/slim http://www.loc.gov/standards/marcxml/schema/MARC21slim.xsd"
    xmlns="http://www.loc.gov/MARC21/slim">

  <leader>00640nam a22001817a 4500</leader>
  <controlfield tag="003">BD-DhUL</controlfield>
  <controlfield tag="005">20160829161907.0</controlfield>
  <controlfield tag="008">160829s1989    b   |||| |||| 000 0 b   d</controlfield>
  <datafield tag="040" ind1=" " ind2=" ">
    <subfield code="a">BD-DhUL</subfield>
    <subfield code="c">BD-DhUL</subfield>
  </datafield>
  <datafield tag="082" ind1=" " ind2=" ">
    <subfield code="a">920.05492</subfield>
    <subfield code="b">ABA</subfield>
  </datafield>
  <datafield tag="100" ind1="1" ind2=" ">
    <subfield code="a">&#x9B6;&#x9BE;&#x9AE;&#x9B8;&#x9C1;&#x9A6;&#x9CD;&#x9A6;&#x9C0;&#x9A8;,&#x986;&#x9AC;&#x9C1; &#x99C;&#x9BE;&#x9AB;&#x9B0; </subfield>
  </datafield>
  <datafield tag="245" ind1="1" ind2="0">
    <subfield code="a">&#x986;&#x9A4;&#x9CD;&#x9AE;&#x9B8;&#x9CD;&#x9AE;&#x9C3;&#x9A4;&#x9BF; /</subfield>
    <subfield code="c">&#x986;&#x9AC;&#x9C1; &#x99C;&#x9BE;&#x9AB;&#x9B0; &#x9B6;&#x9BE;&#x9AE;&#x9B8;&#x9C1;&#x9A6;&#x9CD;&#x9A6;&#x9C0;&#x9A8;</subfield>
  </datafield>
  <datafield tag="260" ind1=" " ind2=" ">
    <subfield code="a">&#x9A2;&#x9BE;&#x995;&#x9BE; :</subfield>
    <subfield code="b">&#x986;&#x9B9;&#x9AE;&#x9A6; &#x9AA;&#x9BE;&#x9B0;&#x9AD;&#x9C7;&#x9B8; &#x9B6;&#x9BE;&#x9AE;&#x9B8;&#x9C1;&#x9A6;&#x9CD;&#x9A6;&#x9C0;&#x9A8;,</subfield>
    <subfield code="c">&#x9E7;&#x9EF;&#x9EE;&#x9EF;.</subfield>
  </datafield>
  <datafield tag="300" ind1=" " ind2=" ">
    <subfield code="a">&#x996;&#x9A3;&#x9CD;&#x9A1; : &#x9E7;-&#x9E8;</subfield>
  </datafield>
  <datafield tag="650" ind1=" " ind2="0">
    <subfield code="a">&#x9AC;&#x9BE;&#x982;&#x9B2;&#x9BE;&#x9A6;&#x9C7;&#x9B6;</subfield>
  </datafield>
  <datafield tag="650" ind1=" " ind2="0">
    <subfield code="a">Bangladesh</subfield>
  </datafield>
  <datafield tag="942" ind1=" " ind2=" ">
    <subfield code="2">ddc</subfield>
    <subfield code="c">BK</subfield>
  </datafield>
  <datafield tag="999" ind1=" " ind2=" ">
    <subfield code="c">102452</subfield>
    <subfield code="d">102452</subfield>
  </datafield>
  <datafield tag="952" ind1=" " ind2=" ">
    <subfield code="0">0</subfield>
    <subfield code="1">0</subfield>
    <subfield code="2">ddc</subfield>
    <subfield code="4">0</subfield>
    <subfield code="6">920_054920000000000_ABA</subfield>
    <subfield code="7">0</subfield>
    <subfield code="8">NFIC</subfield>
    <subfield code="9">173688</subfield>
    <subfield code="a">DUL</subfield>
    <subfield code="b">DUL</subfield>
    <subfield code="c">GEN</subfield>
    <subfield code="d">2016-08-29</subfield>
    <subfield code="e">Purchased</subfield>
    <subfield code="o">920.05492 ABA</subfield>
    <subfield code="p">336194</subfield>
    <subfield code="r">2016-08-29</subfield>
    <subfield code="t">5</subfield>
    <subfield code="w">2016-08-29</subfield>
    <subfield code="y">BK</subfield>
  </datafield>
  <datafield tag="952" ind1=" " ind2=" ">
    <subfield code="0">0</subfield>
    <subfield code="1">0</subfield>
    <subfield code="2">ddc</subfield>
    <subfield code="4">0</subfield>
    <subfield code="6">920_054920000000000_ABA</subfield>
    <subfield code="7">0</subfield>
    <subfield code="8">NFIC</subfield>
    <subfield code="9">174088</subfield>
    <subfield code="a">DUL</subfield>
    <subfield code="b">DUL</subfield>
    <subfield code="c">GEN</subfield>
    <subfield code="d">2016-08-29</subfield>
    <subfield code="e">Purchased</subfield>
    <subfield code="o">920.05492 ABA</subfield>
    <subfield code="p">336195</subfield>
    <subfield code="r">2016-08-29</subfield>
    <subfield code="t">6</subfield>
    <subfield code="w">2016-08-29</subfield>
    <subfield code="y">BK</subfield>
  </datafield>
  <datafield tag="952" ind1=" " ind2=" ">
    <subfield code="0">0</subfield>
    <subfield code="1">0</subfield>
    <subfield code="2">ddc</subfield>
    <subfield code="4">0</subfield>
    <subfield code="6">920_054920000000000_ABA</subfield>
    <subfield code="7">1</subfield>
    <subfield code="8">NFIC</subfield>
    <subfield code="9">174091</subfield>
    <subfield code="a">DUL</subfield>
    <subfield code="b">DUL</subfield>
    <subfield code="c">AAC</subfield>
    <subfield code="d">2016-08-29</subfield>
    <subfield code="e">Gift</subfield>
    <subfield code="o">920.05492 ABA</subfield>
    <subfield code="p">428987</subfield>
    <subfield code="r">2016-08-29</subfield>
    <subfield code="t">10</subfield>
    <subfield code="w">2016-08-29</subfield>
    <subfield code="y">BK</subfield>
  </datafield>
  <datafield tag="952" ind1=" " ind2=" ">
    <subfield code="0">0</subfield>
    <subfield code="1">0</subfield>
    <subfield code="2">ddc</subfield>
    <subfield code="4">0</subfield>
    <subfield code="6">920_054920000000000_ABA</subfield>
    <subfield code="7">0</subfield>
    <subfield code="8">NFIC</subfield>
    <subfield code="9">174092</subfield>
    <subfield code="a">DUL</subfield>
    <subfield code="b">DUL</subfield>
    <subfield code="c">GEN</subfield>
    <subfield code="d">2016-08-29</subfield>
    <subfield code="e">Purchased</subfield>
    <subfield code="o">920.05492 ABA</subfield>
    <subfield code="p">336196</subfield>
    <subfield code="r">2016-08-29</subfield>
    <subfield code="t">7</subfield>
    <subfield code="w">2016-08-29</subfield>
    <subfield code="y">BK</subfield>
  </datafield>
  <datafield tag="952" ind1=" " ind2=" ">
    <subfield code="0">0</subfield>
    <subfield code="1">0</subfield>
    <subfield code="2">ddc</subfield>
    <subfield code="4">0</subfield>
    <subfield code="6">920_054920000000000_ABA</subfield>
    <subfield code="7">0</subfield>
    <subfield code="8">NFIC</subfield>
    <subfield code="9">174093</subfield>
    <subfield code="a">DUL</subfield>
    <subfield code="b">DUL</subfield>
    <subfield code="c">GEN</subfield>
    <subfield code="d">2016-08-29</subfield>
    <subfield code="e">Purchased</subfield>
    <subfield code="o">920.05492 ABA</subfield>
    <subfield code="p">336197</subfield>
    <subfield code="r">2016-08-29</subfield>
    <subfield code="t">8</subfield>
    <subfield code="w">2016-08-29</subfield>
    <subfield code="y">BK</subfield>
  </datafield>
  <datafield tag="952" ind1=" " ind2=" ">
    <subfield code="0">0</subfield>
    <subfield code="1">0</subfield>
    <subfield code="2">ddc</subfield>
    <subfield code="4">0</subfield>
    <subfield code="6">920_054920000000000_ABA</subfield>
    <subfield code="7">0</subfield>
    <subfield code="8">NFIC</subfield>
    <subfield code="9">174095</subfield>
    <subfield code="a">DUL</subfield>
    <subfield code="b">DUL</subfield>
    <subfield code="c">GEN</subfield>
    <subfield code="d">1990-05-30</subfield>
    <subfield code="e">Purchased</subfield>
    <subfield code="o">920.05492 ABA</subfield>
    <subfield code="p">336191</subfield>
    <subfield code="r">2016-08-29</subfield>
    <subfield code="t">2</subfield>
    <subfield code="w">2016-08-29</subfield>
    <subfield code="y">BK</subfield>
  </datafield>
  <datafield tag="952" ind1=" " ind2=" ">
    <subfield code="0">0</subfield>
    <subfield code="1">0</subfield>
    <subfield code="2">ddc</subfield>
    <subfield code="4">0</subfield>
    <subfield code="6">920_054920000000000_ABA</subfield>
    <subfield code="7">0</subfield>
    <subfield code="8">NFIC</subfield>
    <subfield code="9">174099</subfield>
    <subfield code="a">DUL</subfield>
    <subfield code="b">DUL</subfield>
    <subfield code="c">GEN</subfield>
    <subfield code="d">1990-05-30</subfield>
    <subfield code="e">Purchased</subfield>
    <subfield code="o">920.05492 ABA</subfield>
    <subfield code="p">336190</subfield>
    <subfield code="r">2016-08-29</subfield>
    <subfield code="t">1</subfield>
    <subfield code="w">2016-08-29</subfield>
    <subfield code="y">BK</subfield>
  </datafield>
  <datafield tag="952" ind1=" " ind2=" ">
    <subfield code="0">0</subfield>
    <subfield code="1">0</subfield>
    <subfield code="2">ddc</subfield>
    <subfield code="4">0</subfield>
    <subfield code="6">920_054920000000000_ABA</subfield>
    <subfield code="7">1</subfield>
    <subfield code="8">NFIC</subfield>
    <subfield code="9">336448</subfield>
    <subfield code="a">DUL</subfield>
    <subfield code="b">DUL</subfield>
    <subfield code="c">AAC</subfield>
    <subfield code="d">2017-05-17</subfield>
    <subfield code="e">Gift</subfield>
    <subfield code="o">920.05492 ABA</subfield>
    <subfield code="p">427766</subfield>
    <subfield code="r">2017-05-17</subfield>
    <subfield code="t">9</subfield>
    <subfield code="w">2017-05-17</subfield>
    <subfield code="y">BK</subfield>
  </datafield>
</record>
